000 00460nam a2200193Ia 4500
005 20250423095853.0
008 250422s9999 xx 000 0 und d
020 _a9780763763510
050 _aC11.2 .P55/
100 _aPinet, Paul R.
245 0 _aInvitation to oceanography
250 _a4th ed.
260 _aBurlington, MA
260 _bJones & Bartlett Learning
260 _c2006
300 _a598 p
650 _aOceanography.
942 _cBK
999 _c31580
_d31580